Statystyki dla Gminy sąsiadujące z Wałbrzychem

Kliknij tutaj aby rozwiązać quiz!

Ogólne statystyki

  • Ten quiz został rozwiązany 17 razy
  • Średni wynik to 4 z 6

Statystyki odpowiedzi

PowiatGmina% Poprawnych
świdnickiŚwidnica
81%
Boguszów-Gorce
63%
Szczawno-Zdrój
56%
wałbrzyskiWalim
56%
Jedlina-Zdrój
50%
Mieroszów
50%

Rozkład punktacji

Percentyl według liczby udzielonych odpowiedzi

Procent ludzi z każdym wynikiem

Twoja historia wyników

Nie rozwiązałeś tego quizu